000 00240 a2200097 4500
001 51924
100 _aGreen, Williom
245 _aUnsttrated Analysis of the World's Fighters
260 _aNew York
_bHarper & Row
_c
090 _c32774
_d32774
942 _aNUST-CAE
_cM
_c25307
999 _c286997
_d286997